000 00995nam a2200181Ia 4500
008 100920s9999 xx 000 0 und d
082 _b68911
_a375 थ 95
100 _a---
245 _aभारतीय प्रशासन सेवा आ.ए.एस./आय.पी.एस. 1990 ते 1994 (उत्तरासह प्रश्नपत्रकिा).
260 _bस्पर्धा परीक्षा प्रकाशन, कोल्हापूर.
_c1995
300 _a144
_bसाधी
365 _b45
520 _aशालो.
630 _aभारतीय प्रशासन सेवा आ.ए.एस./आय.पी.एस. 1990 ते 1994 (उत्तरासह प्रश्नपत्रकिा).
650 _aशालो.
730 _aभारतीय प्रशासन सेवा आ.ए.एस./आय.पी.एस. 1990 ते 1994 (उत्तरासह प्रश्नपत्रकिा).
942 _cBOOK
999 _c711154
_d711151